000 00450nam a2200169Ia 4500
005 20250508163320.0
008 008 250505s9999 xx 000 0 eng d
037 _aTextual
040 _aFEDL
_beng
_cFEDL
041 _aeng
_2eng
084 _a891.511, HAS
_qFEDL
100 _aHasan's Hadi
_9775099
245 0 _aGolden treasury of persian poetry
300 _a505p.
942 _cTEXL
_h891.511, HAS
999 _c1382275
_d1382275